000 00554nam a2200205Ia 4500
005 20250425162105.0
008 250425s9999 xx 000 0 und d
041 _aspa
082 _a005.76
100 _aROMERO MONJE, FABIO
245 0 _aMANUAL DE EJERCICIOS AUTOCAD 2000-2001 2D -3D
250 _a1A ED.
260 _aColombia
_bESCUELA COLOMBIANA DE INGENIERIA
_c2002
300 _a117
500 _aEN CIBGZ-FIMCP D-30395 PARA ING. MECANICA.- MHP.
650 _aAUTOCAD 2000
650 _aDIBUJO TECNICO
942 _c01
010 _a49088
999 _c222141
_d222141